000 00675nam a2200193Ii 4500
003 JO-AjNU
008 230605s9999||||xx |||||||||||||| ||und||
040 _aJO-AjNU
_bara
_erda
_cJO-AjNU
041 _aara
050 1 4 _aPJ7846.A765.S52 1900
100 3 _aتأليف روستان،إدمون ؛ تلخيص مصطفى لطفي المنفلوطي,
_eauthor
_949216
245 0 0 _aالشاعر أو سيرانو دي برجراك
264 3 1 _aبيروت:دار الجيل،1900
300 _a193ص
336 _atext
_btxt
_2rdacontent
337 _aunmediated
_bn
_2rdamedia
338 _avolume
_bnc
_2rdacarrier
650 4 _aالأدب العربي - روايات
_949217
999 _aA21603
_c25171
_d25171